Statistics for United Kingdom Geography by Letter M - Picture Quiz

Click here to take the quiz!

General Stats

  • This quiz has been taken 112 times
    (35 since last reset)
  • The average score is 9 of 15

Answer Stats

Answer% Correct
Isle of {Man}
100%
Greater {Manchester}
91%
Merseyside
81%
Marble Arch
78%
Mull
78%
Margate
78%
{Millennium} Bridge
72%
St. {Michaels} {Mount}
69%
{Morecambe} Bay
53%
{Mother} Shipton's Cave
50%
Montserrat
47%
Mountains of {Mourne}
38%
Long {Mynd}
25%
{Minack} Theatre
22%
The {Minch}
22%

Score Distribution

Percentile by Number Answered

Percent of People with Each Score

Your Score History

You have not taken this quiz since the last reset